Women in love (Record no. 550)

MARC details
000 -LEADER
fixed length control field 01182nam a2200229 a 4500
008 - FIXED-LENGTH DATA ELEMENTS--GENERAL INFORMATION
fixed length control field 140918s1922 ||||||||||||||||| || u
010 ## - LIBRARY OF CONGRESS CONTROL NUMBER
LC control number 87011790
020 ## - INTERNATIONAL STANDARD BOOK NUMBER
International Standard Book Number 0140182217
050 ## - LIBRARY OF CONGRESS CALL NUMBER
Classification number 602.93 Law
100 ## - MAIN ENTRY--PERSONAL NAME
Personal name Ross, Charles L
245 10 - TITLE STATEMENT
Title Women in love
Statement of responsibility, etc. by D.H. Lawrence; edited with an introduction and notes by Charles Ross
260 ## - PUBLICATION, DISTRIBUTION, ETC.
Place of publication, distribution, etc. London
Name of publisher, distributor, etc. Penguin Books
Date of publication, distribution, etc. 1922
300 ## - PHYSICAL DESCRIPTION
Extent 596p.
490 ## -
-- Modern critical interpretations
505 ## -
-- Two in one / H.M. Daleski -- The revelation of the unconscious / Peter K. Garrett -- The family plot / Robert L. Caserio -- Women in love / John Worthen -- The teller reasserted / Gavriel Ben-Ephraim -- On the shape the self takes / Barouch Hochman -- The trembling instability / Philip M. Winstein -- Women in love / Maria DiBattista.
520 ## -
-- Selections of literary criticism on Lawrence's novel "Women in Love."
650 #0 - SUBJECT ADDED ENTRY--TOPICAL TERM
Topical term or geographic name entry element Lawrence, D. H. (David Herbert), 1885-1930. Women in love
650 #4 - SUBJECT ADDED ENTRY--TOPICAL TERM
Topical term or geographic name entry element ENGLISH LITERATURE
700 ## - ADDED ENTRY--PERSONAL NAME
Personal name Lawrence, D. H
995 ## -
-- AMERICAN CORNER
-- 0100293
-- CBU-DAG HAMMARSKJOLD INSTITUTE LIBRARY
-- 602.93 Law
-- 1
-- AVAILABLE
-- Sep 18, 2014
-- 0100293
-- American Collection
999 ## -
-- 550
-- 550
Holdings
Withdrawn status Lost status Source of classification or shelving scheme Damaged status Not for loan Permanent Location Current Location Shelving location Date acquired Total Checkouts Full call number Barcode Date last seen Price effective from Koha item type
          CBU-DAG HAMMARSKJOLD INSTITUTE CBU-DAG HAMMARSKJOLD INSTITUTE   11/28/2022   602.93 Law 0100293 11/28/2022 11/28/2022 MONOGRAPH